00208nam a2200061Ia 4500245005400000100005100054008004100105 0aTentile : Ugcwale ematolo nje uyawutsandz' umena  a Magagula Modison Salayedvwa Manzini, 1990 210817s9999 xx 000 0 und d